LEADER 01107nam a2200253 i 4500 001 000000062224 003 CaOOAMICUS 005 20030319000000.0 008 030319s1951 it u000 u ita u 013 $a33396 040 $aSeMil$bita 100 1 $aWillam, Franz Michel <1894-1981>.$0(OLS)http://semarc/name/31332 245 10$aStoria del Rosario /$cFranz Michel Willam ; traduzione e prefazione di Rodolfo Paoli. 260 $aRoma :$bOrbis Catholicus,$cstampa 1951. 260 $aRoma :$bHerder,$cstampa 1951. 300 $aXVI, 221 p., con 3 tavole fuori testo ;$c21 cm. 500 $aEsempl. mutilo delle pagine 65-80, successivamente inserite. 650 4$aRosario - Storia.$0(OLS)http://semarc/subject/12278 700 1 $aPaoli, Rodolfo.$0(OLS)http://semarc/name/28533 850 $aSeMil 852 $aSeMil$W1$xVenegono$y1$m2L III 116$j28377$B28377$CSeMilBibl$Z2$F28380 $81 996 $6245$aStoria del Rosario$9(OLS)http://semarc/title/97915 996 $6260$aRoma :$bHerder$9(OLS)http://semarc/publisher/29637 996 $6260$aRoma :$bOrbis Catholicus$9(OLS)http://semarc/publisher/42377 LEADER 01390nam a2200277 i 4500 001 000000113485 003 CaOOAMICUS 005 20030325000000.0 008 030325s1978 it u000 u ita u 013 $a86171 040 $aSeMil$bita 100 1 $aCancian, Domenico.$0(OLS)http://semarc/name/47489 245 10$aNuovo comandamento, nuova alleanza, Eucaristia :$bnell'interpretazione del capitolo 13 del Vangelo di Giovanni /$cDomenico Cancian. 260 $aCollevalenza (Perugia) :$bL'Amore Misericordioso,$c1978. 300 $a368 p., [1] c. di tav. ;$c21 cm + [1] c. di tav. 500 $aContiene : Bibliografia. - Fondo Card. C.M. Martini. 650 4$aBibbia - Tema [dell'] Alleanza.$0(OLS)http://semarc/subject/8210 650 4$aBibbia - Tema [dell'] Amore.$0(OLS)http://semarc/subject/2647 650 4$aBibbia - Eucaristia.$0(OLS)http://semarc/subject/15914 650 4$aBibbia - NT - Giovanni, 13.$0(OLS)http://semarc/subject/20578 850 $aSeMil 852 $aSeMil$W1$xVenegono$y1$m2V I 30$j69171$B69171$CSeMilBibl$Z2$F88842 $81 941 1 $a4 961 $aOmaggio: Martini Card. Carlo Maria 996 $6245$aNuovo comandamento, nuova alleanza, Eucaristia :$bnell'interpretazione del capitolo 13 del Vangelo di Giovanni$9(OLS)http://semarc/title/165694 996 $6260$aCollevalenza (Perugia) :$bL'Amore Misericordioso$9(OLS)http://semarc/publisher/37747